Věřte - nevěřte : neobyčejné příhody a nevšední činy od A do Ž /

Hlavní autor: Kochánek, Ladislav, 1926-1996
Jazyk: Čeština
Vydáno: Ostrava : Sfinga, 1992
Vydání: 1. vyd.
Témata:
Externí odkaz: Digitalizovaný dokument
Fyzický popis: 263 s. ; 16 cm
Knihy
Uloženo v:
LEADER 01077nam a2200289 a 4500
001 000570253
003 CZ BrMZK
005 20000105143423.0
007 ta
008 940120s1992 xr f 000 0 cze d
015 |a cnb000074914 
020 |a 80-85491-16-8  |q (Brož.) 
035 |a (OCoLC)31386333 
040 |a BOA001  |b cze  |c BOA001 
080 |a /7.092+398.515/:03  |2 MRF 
080 |a 885.0-7/-8  |2 MRF 
100 1 |a Kochánek, Ladislav,  |d 1926-1996  |7 jo20010084363 
245 1 0 |a Věřte - nevěřte :  |b neobyčejné příhody a nevšední činy od A do Ž /  |c Ladislav Kochánek 
250 |a 1. vyd. 
260 |a Ostrava :  |b Sfinga,  |c 1992 
300 |a 263 s. ;  |c 16 cm 
856 4 1 |u http://www.digitalniknihovna.cz/mzk/uuid/uuid:74df4cc0-28f4-11e4-8f64-005056827e52  |y Digitalizovaný dokument  |x NDK 
910 |a BOA001  |b 1-0989.005 
964 |a Kuriozity světové - publikace populárně-naučné 
964 |a Rekordy světové - publikace populárně-naučné 
990 |a BK 
996 6 |b 2619504375  |c 1-0989.005  |l MZK  |r Sklad / do 1 hodiny  |n 6  |w 000570253  |u 000010  |a 1  |e BOA001  |j MZK50  |s P